[Event "4NCL Division 4 South"]
[Site "Telford, ENG"]
[Date "2018.02.10"]
[Round "5.55"]
[White "Davies, Merlin"]
[Black "Faulks, Nick"]
[Result "0-1"]
[WhiteElo "1592"]
[BlackElo "1917"]
[PlyCount "100"]
[EventDate "2018.02.10"]

1. e4 c5 2. Nf3 e6 3. Nc3 a6 4. d4 cxd4 5. Nxd4 Qc7 6. Bd3 Bc5 7. Nde2 Nc6 8.
Bf4 d6 9. a3 Nf6 10. h3 O-O 11. O-O Ne5 12. b4 Ba7 13. a4 Ng6 14. Bh2 e5 15. a5
Bd7 16. b5 axb5 17. Bxb5 Nxe4 18. Bxd7 Nxc3 19. Nxc3 Qxd7 20. Nd5 Qc6 21. h4
Bd4 22. c3 Qxd5 23. cxd4 Nxh4 24. Qg4 Ng6 25. dxe5 dxe5 26. Rfd1 Qc5 27. Rdc1
Qd4 28. Qxd4 exd4 29. Rc7 Rfc8 30. Rxc8+ Rxc8 31. Rb1 d3 32. Kf1 f6 33. f3 Ne5
34. Bxe5 fxe5 35. Ke1 Rc5 36. Rxb7 Rxa5 37. Kd2 Rd5 38. Rb3 Kf7 39. Rxd3 Ke6
40. Rxd5 Kxd5 41. Ke3 h5 42. g3 g5 43. Ke2 Kd4 44. Kd2 h4 45. gxh4 gxh4 46. Ke2
h3 47. Kf2 h2 48. Kg2 Ke3 49. Kxh2 Kxf3 50. Kg1 Ke2 0-1

[Event "4NCL Division 4 South"]
[Site "Telford, ENG"]
[Date "2018.02.10"]
[Round "5.56"]
[White "Alcock, Graham P"]
[Black "Fowler, Caspian"]
[Result "1-0"]
[WhiteElo "1765"]
[BlackElo "1458"]
[PlyCount "57"]
[EventDate "2018.02.10"]

1. e4 e5 2. Nf3 Nc6 3. Bc4 Bc5 4. c3 Nf6 5. b4 Bb6 6. d3 d6 7. O-O Bg4 8. Nbd2
h6 9. Qb3 O-O 10. a4 a6 11. h3 Bd7 12. Re1 Ne7 13. d4 Ng6 14. dxe5 dxe5 15. Ba3
Ne8 16. Rad1 Qc8 17. Bf1 Nf6 18. c4 Re8 19. c5 Ba7 20. Nc4 Nh7 21. Bb2 f6 22.
Rxd7 Qxd7 23. Ncxe5+ Qe6 24. Bc4 Qxc4 25. Qxc4+ Kh8 26. Nf7+ Kg8 27. Nxh6+ Kh8
28. Qg8+ Rxg8 29. Nf7# 1-0

[Event "4NCL Division 4 South"]
[Site "Telford, ENG"]
[Date "2018.02.10"]
[Round "5.61"]
[White "Farr, Peter G"]
[Black "Ireland, David J"]
[Result "1-0"]
[WhiteElo "2192"]
[BlackElo "1997"]
[PlyCount "145"]
[EventDate "2018.02.10"]

1. c4 e5 2. Nc3 Nc6 3. Nf3 Nf6 4. e3 g6 5. d4 d6 6. dxe5 Nxe5 7. Nxe5 dxe5 8.
Qxd8+ Kxd8 9. Be2 c6 10. b3 Kc7 11. Bb2 Bf5 12. O-O-O Be7 13. Na4 Nd7 14. g4
Be6 15. f4 f6 16. Rhf1 Rhg8 17. Rg1 a6 18. Bc3 b5 19. Nb2 b4 20. Be1 Bc5 21.
Rg3 e4 22. Na4 Be7 23. Rh3 h5 24. f5 gxf5 25. gxf5 Bxf5 26. Rxh5 Rg5 27. Bg3+
Kb7 28. Rh7 Re8 29. Bh5 Nf8 30. Nc5+ Kb6 31. Na4+ Kb7 32. Bxe8 Bxh7 33. Bd7 Bg6
34. Bh3 Bf5 35. Bg2 Bg4 36. Rf1 f5 37. Bh4 Ng6 38. Bxg5 Bxg5 39. Kd2 f4 40.
exf4 Bxf4+ 41. Rxf4 Nxf4 42. Bxe4 Ne6 43. Ke3 Kc7 44. h4 Kd6 45. Nb2 c5 46. Nd3
a5 47. Bg6 Nf8 48. Bf7 Ke7 49. Bg8 Ng6 50. Nxc5 Nxh4 51. Nb7 a4 52. bxa4 Bc8
53. Bd5 Kd7 54. Nc5+ Kc7 55. Be4 Kb6 56. Nb3 Nf5+ 57. Kd3 Ne7 58. c5+ Kc7 59.
Kc4 Nc6 60. Bxc6 Kxc6 61. Kxb4 Ba6 62. Nd4+ Kd5 63. Nb5 Kc6 64. Nd6 Be2 65. Nc4
Kb7 66. Kb5 Bf3 67. Nd6+ Kc7 68. a5 Bc6+ 69. Kb4 Kb8 70. a6 Ka7 71. Ka5 Bd7 72.
Nb5+ Kb8 73. Kb6 1-0

[Event "4NCL Division 4 South"]
[Site "Telford, ENG"]
[Date "2018.02.10"]
[Round "5.62"]
[White "Pink, Joshua"]
[Black "Balaji, Aaravamudhan"]
[Result "0-1"]
[WhiteElo "2050"]
[BlackElo "2042"]
[PlyCount "104"]
[EventDate "2018.02.10"]

1. e4 d6 2. d4 Nf6 3. Nc3 g6 4. f4 Bg7 5. e5 dxe5 6. dxe5 Qxd1+ 7. Kxd1 Ng4 8.
Ke1 Nh6 9. Bd3 Bf5 10. Bxf5 Nxf5 11. Nf3 Nc6 12. Nb5 O-O-O 13. g4 Nfd4 14.
Nfxd4 Nxd4 15. Nxd4 Rxd4 16. Be3 Rd7 17. Ke2 f6 18. e6 Rd6 19. f5 Rd5 20. Rad1
Re5 21. Rhf1 h5 22. gxh5 gxf5 23. Kf3 Rxh5 24. Bf4 Rxe6 25. Rg1 Rh7 26. Rd5 b6
27. Rxf5 Rh3+ 28. Kf2 Rh7 29. Rd5 Bh6 30. Rh5 30... f5 $11 31. Rg3 Rc6 32. c3
e5 33. Bg5 Rd6 34. Rgh3 Bxg5 35. Rxh7 Rd2+ 36. Kf1 Rxb2 37. R3h5 Bf4 38. Rxf5
Rxh2 39. Rg7 Rc2 40. Rg8+ Kb7 41. Rff8 Rxc3 42. Rb8+ Kc6 43. Rg6+ Kd5 44. Rg7
e4 45. Rd8+ Bd6 46. Re8 Kd4 47. Rg4 Re3 48. a4 Kd3 49. Rh8 Re2 50. Rh5 Ra2 51.
Rd5+ Ke3 52. a5 Kf3 0-1

[Event "4NCL Division 4 South"]
[Site "Telford, ENG"]
[Date "2018.02.10"]
[Round "5.63"]
[White "Watson, Mikey J"]
[Black "Nwachukwu, Chino"]
[Result "1-0"]
[WhiteElo "1997"]
[BlackElo "1915"]
[PlyCount "45"]
[EventDate "2018.02.10"]

1. Nf3 c5 2. c4 g6 3. g3 Bg7 4. d4 cxd4 5. Nxd4 Qa5+ 6. Nc3 Nc6 7. e3 Nh6 8.
Bg2 Nxd4 9. exd4 Nf5 10. Be3 Qb4 11. Qd3 Nxe3 12. fxe3 Qxb2 13. O-O Qa3 14.
Rab1 Rb8 15. Rb3 Qa5 16. Rfb1 b6 17. Nd5 Ba6 18. Nc7+ Kd8 19. Nxa6 Qxa6 20. Ra3
Qc8 21. Rxa7 e6 22. c5 Ke8 23. cxb6 1-0

[Event "4NCL Division 4 South"]
[Site "Telford, ENG"]
[Date "2018.02.10"]
[Round "5.64"]
[White "Olaleye, Oladejo"]
[Black "Watson, Jacob"]
[Result "1/2-1/2"]
[WhiteElo "1840"]
[BlackElo "1982"]
[PlyCount "152"]
[EventDate "2018.02.10"]

1. e4 e5 2. Nf3 Nc6 3. Bb5 a6 4. Ba4 Nf6 5. O-O d6 6. Bxc6+ bxc6 7. d4 exd4 8.
Nxd4 Bd7 9. Bg5 Be7 10. Nc3 O-O 11. f4 h6 12. Bh4 Nxe4 13. Bxe7 Qxe7 14. Re1 d5
15. Qf3 Qc5 16. Rad1 Nxc3 17. Qxc3 Qxc3 18. bxc3 Rfe8 19. Rxe8+ Rxe8 20. Kf2
Kf8 21. Nb3 Bg4 22. Re1 Rxe1 23. Kxe1 Ke7 24. Nc5 Bc8 25. Kd2 Kd6 26. Nd3 f6
27. Ke3 c5 28. h3 a5 29. g4 c4 30. Nc1 f5 31. g5 hxg5 32. fxg5 Ke5 33. Ne2 Bd7
34. h4 Be8 35. Nf4 c5 36. h5 d4+ 37. cxd4+ cxd4+ 38. Kf3 Bf7 39. h6 gxh6 40.
gxh6 Kf6 41. a3 Bg8 42. Ne2 Bd5+ 43. Kf4 d3 44. cxd3 cxd3 45. Nc3 Be4 46. Ke3
Kg6 47. Nb5 Kxh6 48. Nd6 Kg5 49. Nc4 a4 50. Nb2 Kf6 51. Nxa4 Ke5 52. Nb2 f4+
53. Kd2 Kd4 54. a4 f3 55. Nd1 Bb7 56. Nf2 Ba6 57. a5 Bb5 58. Nd1 Ba6 59. Nf2
Bc4 60. Nd1 Ke4 61. Nf2+ Kf4 62. Nd1 Kg3 63. Ke3 Ba6 64. Nf2 Kg2 65. Nd1 Bb5
66. Nf2 d2 67. Nd1 Be2 68. a6 Bxa6 69. Kxd2 Be2 70. Ne3+ Kf2 71. Nf5 Kg1 72.
Ne3 Kh2 73. Ke1 Kg3 74. Nf5+ Kg2 75. Nh4+ Kg3 76. Nxf3 Bxf3 1/2-1/2

[Event "4NCL Division 4 South"]
[Site "Telford, ENG"]
[Date "2018.02.10"]
[Round "5.65"]
[White "Ito-Aramendia, Alejandro"]
[Black "Goodwin, Ed H"]
[Result "1-0"]
[WhiteElo "1546"]
[BlackElo "1840"]
[PlyCount "61"]
[EventDate "2018.02.10"]

1. e4 c5 2. Nf3 g6 3. d4 cxd4 4. Nxd4 Bg7 5. Be3 Nf6 6. Nc3 Nc6 7. Bc4 Qa5 8.
f3 a6 9. Qd2 h5 10. h3 Nxd4 11. Qxd4 d6 12. O-O-O O-O 13. Qd2 Bd7 14. g4 Rfc8
15. Bb3 Rc7 16. g5 Rxc3 17. Qxc3 Qxc3 18. bxc3 Nh7 19. c4 Be6 20. c5 Bxb3 21.
axb3 dxc5 22. Rd7 Bd4 23. Bxd4 cxd4 24. h4 e5 25. Rxb7 Nf8 26. Kd2 Ne6 27. Ra1
Rc8 28. Ra4 Rc3 29. Rc4 Rxf3 30. Rc8+ Kg7 31. Rbb8 1-0

[Event "4NCL Division 4 South"]
[Site "Telford, ENG"]
[Date "2018.02.10"]
[Round "5.66"]
[White "Woolgar, Steven G"]
[Black "Balaji, Musiri Lakshminaraya"]
[Result "0-1"]
[WhiteElo "1780"]
[BlackElo "1569"]
[PlyCount "76"]
[EventDate "2018.02.10"]

1. c4 Nf6 2. Nc3 g6 3. g3 Bg7 4. Bg2 c5 5. Nf3 Nc6 6. O-O O-O 7. Rb1 d5 8. cxd5
Nxd5 9. a3 Bf5 10. Ra1 Nxc3 11. bxc3 Qc8 12. Re1 Rd8 13. Bb2 Bh3 14. e4 Bg4 15.
Qc2 Bxf3 16. Bxf3 Ne5 17. Be2 c4 18. Kg2 Qc6 19. Rab1 Rd6 20. Bc1 g5 21. Bf1 g4
22. Qb2 Rh6 23. Re3 Nf3 24. h4 Nxh4+ 25. gxh4 Qf6 26. Bxc4 Qxh4 27. Bxf7+ Kxf7
28. Qa2+ Kf8 29. Bb2 Qh2+ 30. Kf1 Rf6 31. Ke2 Qxf2+ 32. Kd1 Rd8 33. Re2 Qf3 34.
c4 Rh6 35. Bxg7+ Kxg7 36. Qb2+ Kg8 37. d4 Rh1+ 38. Kd2 Rxb1 0-1

[Event "4NCL Division 4 South"]
[Site "Telford, ENG"]
[Date "2018.02.10"]
[Round "5.71"]
[White "Smith, Olivia"]
[Black "Gentry, Alan E"]
[Result "1-0"]
[WhiteElo "2080"]
[BlackElo "1726"]
[PlyCount "35"]
[EventDate "2018.02.10"]

1. e4 c5 2. Nf3 d6 3. Bb5+ Bd7 4. Bxd7+ Nxd7 5. d4 cxd4 6. Qxd4 Ngf6 7. O-O g6
8. c4 Bg7 9. Nc3 O-O 10. Bg5 h6 11. Bh4 g5 12. Bg3 Nh5 13. Qd2 Nxg3 14. hxg3
Rc8 15. b3 Nc5 16. Nd4 Qd7 17. Rae1 Qe6 18. Nxe6 1-0

[Event "4NCL Division 4 South"]
[Site "Telford, ENG"]
[Date "2018.02.10"]
[Round "5.72"]
[White "Hameed, Asif"]
[Black "Rathbone-Jones, Ifan"]
[Result "1-0"]
[WhiteElo "1787"]
[BlackElo "1847"]
[PlyCount "53"]
[EventDate "2018.02.10"]

1. e4 c5 2. b4 e6 3. bxc5 Bxc5 4. d4 Bb6 5. Nf3 Nc6 6. c3 d6 7. Bd3 h6 8. Ba3
Qc7 9. Nbd2 Bd7 10. Nc4 Nge7 11. Nxd6+ Kf8 12. O-O Kg8 13. Rb1 Ng6 14. c4 Rb8
15. e5 Nf4 16. Nb5 Qd8 17. Be4 g5 18. Kh1 h5 19. h4 g4 20. Qd2 Nxg2 21. Rg1
gxf3 22. Bxf3 Qxh4+ 23. Kxg2 Nxd4 24. Kf1+ Kh7 25. Nxd4 Qxd4 26. Qc2+ f5 27.
exf6+ 1-0

[Event "4NCL Division 4 South"]
[Site "Telford, ENG"]
[Date "2018.02.10"]
[Round "5.73"]
[White "Sivarajasingam, Shayanna"]
[Black "Beckett, Richard"]
[Result "1-0"]
[WhiteElo "1724"]
[BlackElo "1665"]
[PlyCount "140"]
[EventDate "2018.02.10"]

1. e4 c5 2. Nf3 d6 3. Bb5+ Bd7 4. Bxd7+ Nxd7 5. d4 cxd4 6. Qxd4 Ngf6 7. c4 g6
8. Nc3 Bg7 9. O-O O-O 10. Bg5 a6 11. Rac1 Rc8 12. b3 Re8 13. Qd2 Qa5 14. Bh6
Nxe4 15. Nxe4 Qxd2 16. Bxd2 Nb8 17. Bc3 f5 18. Ng3 e5 19. Rfd1 Rcd8 20. Bb4 e4
21. Nd2 Nc6 22. Bc3 Bh6 23. Rc2 Ne5 24. Ndxe4 fxe4 25. Nxe4 Re6 26. Nc5 Re7 27.
Bxe5 Rxe5 28. Nd3 Re6 29. g3 Kf7 30. Nb4 Bg5 31. f4 Bf6 32. Nd5 Bg7 33. Rcd2
Bf8 34. Nb6 Be7 35. Nd5 Bf8 36. Kf2 Kg7 37. Nc3 Rc8 38. Nd5 Rd8 39. Re2 Rxe2+
40. Kxe2 Kf7 41. Kf3 Re8 42. Rd4 Bg7 43. Re4 Rxe4 44. Kxe4 Ke6 45. g4 h6 46.
f5+ gxf5+ 47. gxf5+ Kf7 48. f6 Bxf6 49. Nxf6 Kxf6 50. Kd5 Ke7 51. c5 dxc5 52.
Kxc5 Kd7 53. Kd5 Ke7 54. Ke5 b6 55. h3 a5 56. a4 Kd7 57. Kf5 Kc6 58. Kg6 Kc5
59. Kxh6 Kb4 60. Kg5 Kxb3 61. h4 Kxa4 62. h5 b5 63. h6 b4 64. h7 Ka3 65. h8=Q
a4 66. Qa1+ Kb3 67. Kf4 a3 68. Ke3 Ka4 69. Kd3 b3 70. Kc4 b2 1-0

[Event "4NCL Division 4 South"]
[Site "Telford, ENG"]
[Date "2018.02.10"]
[Round "5.74"]
[White "Henbest, Kevin B"]
[Black "Sivarajasingam, Venetia"]
[Result "0-1"]
[WhiteElo "1650"]
[BlackElo "1764"]
[PlyCount "58"]
[EventDate "2018.02.10"]

1. e4 e6 2. d4 d5 3. Nc3 dxe4 4. Nxe4 Nd7 5. Nf3 Ngf6 6. Bg5 Be7 7. Bd3 Nxe4 8.
Bxe7 Qxe7 9. Bxe4 Nf6 10. Bd3 Qb4+ 11. Qd2 Qxb2 12. O-O O-O 13. Rfb1 Qa3 14.
Rb3 Qd6 15. Rb5 b6 16. Rg5 h6 17. Rg3 Kh8 18. c3 Bb7 19. Re1 c5 20. Bc2 Rad8
21. Rh3 Ng4 22. Ne5 Qd5 23. Be4 Qxe5 24. Bxb7 Qd6 25. Re4 f5 26. Re2 cxd4 27.
Rd3 Qc7 28. Ba6 dxc3 29. Qc2 Qxh2+ 0-1

[Event "4NCL Division 4 South"]
[Site "Telford, ENG"]
[Date "2018.02.10"]
[Round "5.75"]
[White "Sivarajasingam, Vaseekaran"]
[Black "Burcham, Tony"]
[Result "1/2-1/2"]
[WhiteElo "1555"]
[BlackElo "1624"]
[PlyCount "76"]
[EventDate "2018.02.10"]

1. e4 e6 2. d4 d5 3. e5 c5 4. Nf3 Nc6 5. c3 Bd7 6. Be2 Nge7 7. O-O Rc8 8. a3
Nf5 9. b4 cxd4 10. cxd4 a6 11. Be3 Be7 12. Nbd2 O-O 13. Nb3 f6 14. Nc5 Bxc5 15.
bxc5 Nxe3 16. fxe3 fxe5 17. dxe5 Qc7 18. Qd2 Nxe5 19. Nxe5 Qxe5 20. Rxf8+ Rxf8
21. Rb1 Bc6 22. Qd4 Qxd4 23. exd4 Rf4 24. Rd1 Kf7 25. g3 Rf5 26. Kg2 e5 27. Bg4
Rg5 28. h3 e4 29. Rb1 Ke7 30. Bc8 Kd8 31. Bxb7 Bb5 32. a4 Bc4 33. Rb6 Rg6 34.
Rxg6 hxg6 35. a5 Kc7 36. c6 g5 37. Kf2 Bb5 38. Ke3 Bd3 1/2-1/2

[Event "4NCL Division 4 South"]
[Site "Telford, ENG"]
[Date "2018.02.10"]
[Round "5.76"]
[White "Matilal, Tamal"]
[Black "Fraser, Susanna"]
[Result "0-1"]
[WhiteElo "1504"]
[BlackElo "1464"]
[PlyCount "76"]
[EventDate "2018.02.10"]

1. Nf3 Nf6 2. d4 d5 3. Bf4 Bf5 4. e3 e6 5. Bd3 Bg6 6. Ne5 Bh5 7. g4 Bg6 8. Bxg6
hxg6 9. Qd3 a6 10. h4 Nbd7 11. Nxg6 fxg6 12. Qxg6+ Ke7 13. Nd2 Qe8 14. Qxe8+
Kxe8 15. g5 Nh5 16. Bxc7 Rc8 17. Bh2 Rxc2 18. Ke2 Bb4 19. Rhd1 Nb6 20. a3 Rxd2+
21. Rxd2 Bxd2 22. Kxd2 Nc4+ 23. Kc3 Rf8 24. Rf1 Kd7 25. Kb4 Nxe3 26. Rc1 Nc4
27. b3 Rxf2 28. Bg1 Rb2 29. Kc3 Rg2 30. bxc4 Nf4 31. Rc2 Rxg1 32. Rb2 Rg3+ 33.
Kc2 Rg2+ 34. Kb3 Rxb2+ 35. Kxb2 dxc4 36. Kc3 b5 37. Kb4 a5+ 38. Kxb5 c3 0-1

[Event "4NCL Division 4 South"]
[Site "Telford, ENG"]
[Date "2018.02.10"]
[Round "5.81"]
[White "Makkar, Rajat"]
[Black "Richmond, Peter"]
[Result "1/2-1/2"]
[WhiteElo "1797"]
[BlackElo "2084"]
[PlyCount "76"]
[EventDate "2018.02.10"]

1. d4 d5 2. c4 e5 3. dxe5 d4 4. a3 Nc6 5. Nf3 Bg4 6. g3 Bxf3 7. exf3 Nxe5 8.
Bg2 Qd7 9. b3 c5 10. O-O O-O-O 11. f4 Nc6 12. Qd3 f5 13. Nd2 Nf6 14. Nf3 Bd6
15. Bd2 Ne4 16. Ng5 Nxg5 17. fxg5 Ne5 18. Qc2 Rde8 19. f4 Ng4 20. Rae1 h6 21.
h3 Ne3 22. Bxe3 dxe3 23. gxh6 g5 24. Qd3 gxf4 25. gxf4 Rxh6 26. Rxe3 Rg8 27.
Rg3 Rhg6 28. Rxg6 Rxg6 29. Rd1 Qe6 30. Qd5 Qe3+ 31. Kh1 Qxf4 32. Qxb7+ Kd8 33.
Qb8+ Ke7 34. Re1+ Re6 35. Rxe6+ Kxe6 36. Bd5+ Kf6 37. Qh8+ Kg5 38. Qd8+ Kg6
1/2-1/2

[Event "4NCL Division 4 South"]
[Site "Telford, ENG"]
[Date "2018.02.10"]
[Round "5.82"]
[White "Rabbitt, Michael"]
[Black "Homolka, Vincent"]
[Result "1/2-1/2"]
[WhiteElo "2062"]
[BlackElo "1781"]
[PlyCount "71"]
[EventDate "2018.02.10"]

1. e4 d5 2. exd5 Qxd5 3. Nc3 Qa5 4. d4 Nf6 5. Nf3 c6 6. Be2 Bf5 7. O-O e6 8.
Nh4 Bg6 9. Nxg6 hxg6 10. Bf4 Nbd7 11. Qd2 Be7 12. a3 O-O 13. Bf3 Qd8 14. Ne2
Nb6 15. b3 Nbd5 16. Bg3 Bd6 17. c4 Ne7 18. Rfd1 Bxg3 19. hxg3 Qd7 20. b4 Rfd8
21. Qc2 Qc7 22. Qb2 Rac8 23. a4 a6 24. Rac1 Qb6 25. a5 Qc7 26. g4 Rd7 27. Rc2
e5 28. Nc1 e4 29. Be2 Qf4 30. Nb3 Nxg4 31. Bxg4 Qxg4 32. Re1 Nf5 33. Rc3 Rcd8
34. Qb1 Nxd4 35. Qxe4 Qxe4 36. Rxe4 1/2-1/2

[Event "4NCL Division 4 South"]
[Site "Telford, ENG"]
[Date "2018.02.10"]
[Round "5.83"]
[White "Cresswell, Mike J"]
[Black "Parker, Francis"]
[Result "0-1"]
[WhiteElo "1706"]
[BlackElo "1954"]
[PlyCount "114"]
[EventDate "2018.02.10"]

1. e4 e5 2. Nf3 Nc6 3. d4 exd4 4. c3 d5 5. Bd3 Bg4 6. O-O Nf6 7. exd5 Qxd5 8.
Qe1+ Be7 9. Nxd4 Nxd4 10. cxd4 Qxd4 11. Bc2 Be6 12. Nc3 O-O 13. Be3 Qh4 14. f4
Ng4 15. Qxh4 Bxh4 16. Bc5 Bc4 17. Rfd1 Rfd8 18. Bf5 Nh6 19. Be4 c6 20. Bd4 Ng4
21. g3 Be7 22. Kg2 Nf6 23. Bf3 Nd5 24. Nxd5 Bxd5 25. Bxd5 Rxd5 26. Bc3 Rad8 27.
Rxd5 Rxd5 28. Re1 Kf8 29. Kf3 f6 30. g4 Rd3+ 31. Re3 Rd1 32. Re1 Rxe1 33. Bxe1
Bc5 34. f5 Ke7 35. Ke4 b6 36. a4 Bd6 37. h3 Be5 38. b3 Kd6 39. Bb4+ c5 40. Bd2
a6 41. g5 fxg5 42. Bxg5 Bf6 43. Bf4+ Kc6 44. Bd2 b5 45. Be1 c4 46. axb5+ Kxb5
47. bxc4+ Kxc4 48. Ba5 Kb5 49. Bc7 a5 50. Bd6 Kc4 51. Kf4 a4 52. Kg4 Kd5 53.
Ba3 Ke4 54. Bc1 h5+ 55. Kxh5 Kxf5 56. h4 g6+ 57. Kh6 Bxh4 0-1

[Event "4NCL Division 4 South"]
[Site "Telford, ENG"]
[Date "2018.02.10"]
[Round "5.84"]
[White "Gorgun, Aliriza Atif"]
[Black "Saidmurodov, Shahjahon"]
[Result "1-0"]
[WhiteElo "2005"]
[BlackElo "1633"]
[PlyCount "81"]
[EventDate "2018.02.10"]

1. e4 b6 2. d4 Bb7 3. Bd3 e6 4. Nf3 Nf6 5. Qe2 d5 6. exd5 Bxd5 7. c4 Bb7 8. O-O
Be7 9. Nc3 O-O 10. Bf4 Na6 11. Rad1 Qc8 12. Rfe1 Re8 13. Be5 Nb4 14. Bb1 Bc6
15. a3 Na6 16. b4 Nb8 17. Qd3 g6 18. d5 exd5 19. cxd5 Bb7 20. Qd4 Nbd7 21. Bf4
Nh5 22. Nb5 Bf6 23. Qc4 Rxe1+ 24. Rxe1 Bxd5 25. Qxd5 Nxf4 26. Qc6 Ne6 27. Rxe6
fxe6 28. Ba2 Nf8 29. Nxc7 Rb8 30. b5 Kf7 31. h3 Ke7 32. Qc4 Qd7 33. Qf4 Qd1+
34. Kh2 Qd6 35. Qxd6+ Kxd6 36. Na6 Rc8 37. Nb4 Nd7 38. Nc6 Rc7 39. Nd2 Kc5 40.
a4 a6 41. Ne4# 1-0

[Event "4NCL Division 4 South"]
[Site "Telford, ENG"]
[Date "2018.02.10"]
[Round "5.85"]
[White "John, Joshua"]
[Black "Tomboline, David"]
[Result "0-1"]
[WhiteElo "1562"]
[BlackElo "1958"]
[PlyCount "114"]
[EventDate "2018.02.10"]

1. d4 d5 2. Nf3 Nf6 3. c4 c6 4. Nc3 dxc4 5. a4 Bf5 6. Ne5 Nbd7 7. Nxc4 Nb6 8.
Ne5 a5 9. g3 e6 10. Bg2 Bb4 11. O-O O-O 12. Bg5 h6 13. Bf4 Bh7 14. Qb3 Qxd4 15.
Rfd1 Qc5 16. Rac1 Qe7 17. Na2 Nbd5 18. Bd2 Rac8 19. Bxb4 axb4 20. Rd4 c5 21.
Rdc4 Nb6 22. a5 Nxc4 23. Nxc4 Be4 24. Nb6 Rc7 25. Bxe4 Nxe4 26. Qc2 Nd6 27.
Nxb4 Nc8 28. Na8 Rd7 29. Qxc5 Rd1+ 30. Kg2 Rxc1 31. Qxc1 Qxb4 32. Qa1 Rd8 33.
a6 bxa6 34. Qxa6 Nd6 35. Qc6 Qe4+ 36. Qxe4 Nxe4 37. Nc7 Rb8 38. f3 Nc5 39. b4
Rxb4 40. f4 Rb7 41. Ne8 Rd7 42. Kf3 Kf8 43. Nxg7 Kxg7 44. e4 f5 45. exf5 exf5
46. g4 Kg6 47. h4 fxg4+ 48. Kxg4 h5+ 49. Kf3 Rd3+ 50. Ke2 Kf5 51. Kf2 Kxf4 52.
Ke2 Ke4 53. Ke1 Ke3 54. Kf1 Rd2 55. Kg1 Kf3 56. Kh1 Kg3 57. Kg1 Rd1# 0-1

[Event "4NCL Division 4 South"]
[Site "Telford, ENG"]
[Date "2018.02.10"]
[Round "5.86"]
[White "Onslow, Teddy"]
[Black "Kan, Toby"]
[Result "1/2-1/2"]
[WhiteElo "1870"]
[BlackElo "1494"]
[PlyCount "86"]
[EventDate "2018.02.10"]

1. d4 Nf6 2. Bf4 g6 3. Nc3 d6 4. e4 Bg7 5. Qd2 O-O 6. O-O-O Bd7 7. h4 c5 8.
dxc5 dxc5 9. Bxb8 Qxb8 10. f3 Bc6 11. Qe3 Qe5 12. g4 Rad8 13. Be2 Rxd1+ 14.
Bxd1 Qd4 15. Qxd4 cxd4 16. Nce2 Nd7 17. Ng3 e6 18. Nh3 18... h6 $11 19. Be2 Nc5
20. Rd1 Rc8 21. Rd2 Ba4 22. Kb1 Bc6 23. Bf1 Rd8 24. Bd3 e5 25. Bf1 25... Ne6
$11 26. Bc4 Bf8 27. h5 g5 28. Nf5 b5 29. Bxe6 fxe6 30. Ng3 b4 31. Nf2 a5 32.
Nd3 32... Bd6 $11 33. Ne2 Rf8 34. Ne1 Rd8 35. Nc1 a4 36. Ned3 Rf8 37. Rf2 Rd8
38. Ne2 Rf8 39. Ng3 Kg7 40. Nf1 Rf7 41. Nd2 Bb5 42. Rf1 Rc7 43. Rc1 Kf6 1/2-1/2

[Event "4NCL Division 4 South"]
[Site "Telford, ENG"]
[Date "2018.02.10"]
[Round "5.91"]
[White "Ogunshola, Ben"]
[Black "Redman, David J"]
[Result "1-0"]
[WhiteElo "2133"]
[BlackElo "1971"]
[PlyCount "75"]
[EventDate "2018.02.10"]

1. c4 e6 2. Nf3 d5 3. d4 c5 4. cxd5 exd5 5. Nc3 Nc6 6. g3 Nf6 7. Bg2 Be7 8. O-O
O-O 9. Bg5 Bf5 10. dxc5 d4 11. Na4 h6 12. Bd2 Ne4 13. Rc1 Qd7 14. b4 Bf6 15.
Qb3 d3 16. Be3 dxe2 17. Rfe1 Ng5 18. Nxg5 Bxg5 19. f4 Be6 20. Qa3 Bf6 21. Rxe2
Rfd8 22. Nc3 Qd3 23. Ree1 Bd4 24. Nb1 Nxb4 25. Bxb7 Rab8 26. c6 Rxb7 27. cxb7
Qxa3 28. Nxa3 Bb2 29. Rc8 Rxc8 30. bxc8=Q+ Bxc8 31. Bc5 Nd3 32. Re8+ Kh7 33.
Rxc8 Nxc5 34. Nb5 Ne6 35. Kg2 a6 36. Nc7 a5 37. Nxe6 fxe6 38. a4 1-0

[Event "4NCL Division 4 South"]
[Site "Telford, ENG"]
[Date "2018.02.10"]
[Round "5.92"]
[White "McCorry, Robert T"]
[Black "Froom, Oliver"]
[Result "1/2-1/2"]
[WhiteElo "2004"]
[BlackElo "1962"]
[PlyCount "93"]
[EventDate "2018.02.10"]

1. e4 c5 2. Nf3 d6 3. Bb5+ Bd7 4. Bxd7+ Qxd7 5. O-O Nf6 6. Qe2 Nc6 7. Rd1 e5 8.
c3 Qc7 9. Na3 Be7 10. d4 O-O 11. Nb5 Qb8 12. d5 Nd8 13. c4 Nd7 14. Rd3 a6 15.
Nc3 b5 16. Ng5 Bxg5 17. Bxg5 f6 18. Qg4 fxg5 19. Qxd7 Ra7 20. Qg4 Raf7 21. Rd2
h6 22. cxb5 axb5 23. Qd1 c4 24. a4 b4 25. Nb5 Nb7 26. Rc1 Na5 27. Re2 Qb6 28.
Qe1 Qc5 29. Rec2 Rf4 30. Qe3 Qxe3 31. fxe3 R4f6 32. Na7 Nb3 33. Rd1 Ra8 34. Nc6
Rxa4 35. Rxc4 Nd2 36. Rxb4 Rxb4 37. Nxb4 Nxe4 38. Rf1 Kf7 39. Nc6 Ke8 40. Rxf6
gxf6 41. g4 Kd7 42. Kg2 Kc7 43. Kf3 Nd2+ 44. Ke2 Ne4 45. Kf3 Nd2+ 46. Ke2 Ne4
47. Kf3 1/2-1/2

[Event "4NCL Division 4 South"]
[Site "Telford, ENG"]
[Date "2018.02.10"]
[Round "5.93"]
[White "Green, George D A"]
[Black "McMahon, Paul"]
[Result "1/2-1/2"]
[WhiteElo "1870"]
[BlackElo "1964"]
[PlyCount "57"]
[EventDate "2018.02.10"]

1. Nf3 Nc6 2. d4 d5 3. c4 e6 4. Nc3 Nf6 5. Bg5 Be7 6. e3 O-O 7. Bd3 dxc4 8.
Bxc4 Nd5 9. Bxe7 Ncxe7 10. O-O Ng6 11. Rc1 c6 12. a3 a5 13. Qc2 Qe7 14. Rfd1
Bd7 15. Bd3 Rfc8 16. Ne4 b6 17. Qd2 e5 18. Ng3 exd4 19. exd4 Re8 20. Re1 Qf6
21. Ne4 Qf4 22. Qxf4 Ngxf4 23. Bf1 Ne6 24. Ne5 Rad8 25. Nd6 Re7 26. Nf5 Ree8
27. Nd6 Re7 28. Nf5 Ree8 29. Nd6 1/2-1/2

[Event "4NCL Division 4 South"]
[Site "Telford, ENG"]
[Date "2018.02.10"]
[Round "5.94"]
[White "Sahinoz, Giulio O"]
[Black "Fernando, Manel"]
[Result "0-1"]
[WhiteElo "1832"]
[BlackElo "1529"]
[PlyCount "40"]
[EventDate "2018.02.10"]

1. d4 Nf6 2. c4 e6 3. Nc3 Be7 4. e4 d6 5. Nf3 O-O 6. Bd3 Ne8 7. O-O Nc6 8. Bf4
Nxd4 9. Nxd4 e5 10. Be3 exd4 11. Bxd4 c5 12. Be3 Nf6 13. Qc2 b6 14. Bg5 Ng4 15.
Bf4 Bb7 16. e5 Qb8 17. exd6 Bxd6 18. Bg3 Bxg3 19. hxg3 Qe5 20. Qe2 Qh5 0-1

[Event "4NCL Division 4 South"]
[Site "Telford, ENG"]
[Date "2018.02.10"]
[Round "5.95"]
[White "Sloan, Hamish"]
[Black "Judkins, Brian D"]
[Result "1/2-1/2"]
[WhiteElo "1520"]
[BlackElo "1749"]
[PlyCount "55"]
[EventDate "2018.02.10"]

1. e4 e5 2. Nf3 Nf6 3. d4 Nxe4 4. Bd3 d5 5. Bxe4 dxe4 6. Nxe5 Be7 7. c3 Nd7 8.
Nxd7 Bxd7 9. Nd2 f5 10. Nc4 Be6 11. Qe2 O-O 12. Bf4 Bf6 13. Be5 Bxe5 14. Nxe5
Qe7 15. O-O Rad8 16. f3 exf3 17. Nxf3 Qf6 18. Qe5 Qxe5 19. Nxe5 Bd5 20. b3 Be4
21. Nf3 Rde8 22. Kf2 Re7 23. Rfe1 Rfe8 24. g3 h6 25. Nd2 Bd3 26. Rxe7 Rxe7 27.
Re1 Rxe1 28. Kxe1 1/2-1/2

[Event "4NCL Division 4 South"]
[Site "Telford, ENG"]
[Date "2018.02.10"]
[Round "5.96"]
[White "Ribbands, Patrick C"]
[Black "Faizi, Tariq"]
[Result "1-0"]
[WhiteElo "1720"]
[BlackElo "1456"]
[PlyCount "43"]
[EventDate "2018.02.10"]

1. c4 Nf6 2. Nc3 g6 3. g3 Bg7 4. Bg2 O-O 5. e3 c5 6. Nge2 d6 7. O-O Nc6 8. d4
Bd7 9. h3 Qc8 10. Kh2 h5 11. b3 e5 12. d5 Ne7 13. e4 Nh7 14. f4 f5 15. fxe5
Bxe5 16. Bf4 Bxf4 17. Nxf4 fxe4 18. Nxe4 Qc7 19. Qd2 Nf6 20. Ng5 Qc8 21. Nfe6
Re8 22. Rxf6 1-0

[Event "4NCL Division 4 South"]
[Site "Telford, ENG"]
[Date "2018.02.10"]
[Round "5.99"]
[White "Karia, Rishul"]
[Black "Jamroz, Krzysztof"]
[Result "0-1"]
[WhiteElo "1937"]
[BlackElo "1962"]
[PlyCount "56"]
[EventDate "2018.02.10"]

1. e4 c5 2. Nc3 e6 3. Bc4 a6 4. a4 Nc6 5. f4 Nge7 6. e5 Nf5 7. Nf3 d5 8. Be2
Be7 9. O-O O-O 10. g4 Nfd4 11. d3 Qc7 12. Nxd4 Nxd4 13. Bf3 b6 14. Bg2 Bb7 15.
f5 Qxe5 16. f6 Bd8 17. Bf4 Qxf6 18. Bd6 Qh4 19. Bxf8 Bc7 20. h3 Rxf8 21. Ne2
Nxe2+ 22. Qxe2 Qg3 23. Rf2 d4 24. Kf1 Bxg2+ 25. Rxg2 Qxh3 26. Kg1 Bf4 27. Kf1
Be3 28. Ke1 Qh4+ 0-1